000 00315nam a22001337a 4500
008 170816b xxu||||| |||| 00| 0 eng d
020 _a9780805829099
041 _aeng
080 _a51
100 _a36
101 _aMAT
245 _aKNOWING AND TEACHING ELEMENTARY MATHEMATYICS
_cLIPING.M
942 _2udc
_cBK
999 _c23704
_d23704